Động vật học Dùng cho các trường Đại học Nông nghiệp Việt Nam

Сохранить в:
Библиографические подробности
Главный автор: Phạm Trọng Cung
Формат:
Язык:Undetermined
Опубликовано: Hà Nội ĐH và THCN 1979
Предметы:
Метки: Добавить метку
Нет меток, Требуется 1-ая метка записи!
Thư viện lưu trữ: Trung tâm Học liệu Trường Đại học Cần Thơ
LEADER 00540nam a2200181Ia 4500
001 CTU_9141
008 210402s9999 xx 000 0 und d
082 |a 592 
082 |b Đ455/T1 
100 |a Phạm Trọng Cung 
245 0 |a Động vật học 
245 0 |b Dùng cho các trường Đại học Nông nghiệp Việt Nam 
245 0 |c Phạm Trọng Cung 
260 |a Hà Nội 
260 |b ĐH và THCN 
260 |c 1979 
650 |a invertebrates 
980 |a Trung tâm Học liệu Trường Đại học Cần Thơ